000 00328nam a2200133 a 4500
008 990521s1989||||xx 0 und c
040 _aSNK
_bslo
_cSNK
_eAACR2
245 1 0 _aSlovník spisovného jazyka českého IV
_bP - Q
260 _aPraha
_bAcademia
_c1989
300 _a716 s.
020 _c84
041 _aces
044 _aCZ
999 _c17740
_d17740